| 000 | 00381nam a22001337a 4500 | ||
|---|---|---|---|
| 082 | _aCP29 | ||
| 100 |
_aCapt Sadaf Saeed _950910 |
||
| 245 |
_aMechanical Engineering _bCourse Pack _cCapt Sadaf Saeed |
||
| 250 | _aSpring-2015 | ||
| 260 |
_aRisalpur _bMCE _cSpring-2015 |
||
| 500 | _aBE-Civil Engineering OD/CED 82/83 | ||
| 526 |
_a0 _b0 _c0 _dCP_000000000000000_29 |
||
| 942 |
_2ddc _cBKB |
||
| 999 |
_c553656 _d553656 |
||